| 000 | 00769nam a2200193 i 4500 | ||
|---|---|---|---|
| 001 | 62454 | ||
| 003 | ES-MaACL | ||
| 005 | 20250603164550.0 | ||
| 007 | t| | ||
| 008 | 031121s1956 sp ||||1| spa d | ||
| 100 | 1 |
_aFernández Almagro, Melchor, _d1893-1966 _949447 |
|
| 245 | 1 | 0 |
_aHistoria política de la España Contemporánea. _n1, _pDesde la revolución de septiembre hasta la muerte de Alfonso XII / _cMelchor Fernández Almagro. |
| 260 |
_aMadrid : _bPegaso, _c[1956] ( _fGonzález) |
||
| 300 |
_aXV, 611 p., 76 lám. : _bgraf. ; _c23 cm. |
||
| 651 | 4 |
_aEspaña- _xHistoria- _y1868-1874, Sexenio revolucionario _98260 |
|
| 651 | 4 |
_aEspaña- _xHistoria- _y1874-1885, Alfonso XII. _98265 |
|
| 852 |
_aES-MaACL _jC-11276 _bR.38617 |
||
| 999 |
_c62454 _d62454 |
||